Goalkeepers in UEFA Champions League Finals - Statistics

General Stats
  • This quiz has been taken 1,481 times
    48 since last reset
  • The average score is 48 of 68
Answer Stats
Year Team Goalkeeper % Correct
2000 Real Madrid vs Valencia 3-0 Iker Casillas
100%
2014 Real Madrid vs Atletico Madrid 4-1 Iker Casillas
100%
2003 AC Milan vs Juventus 0-0 (3-2 pen.) Gianluigi Buffon
96%
2015 Barcelona vs Jventus 3-1 Gianluigi Buffon
96%
2017 Real Madrid vs Juventus 4-1 Gianluigi Buffon
96%
2012 Chelsea vs Bayern Munich 1-1 (4-3 pen.) Manuel Neuer
96%
2013 Bayern Munich vs Borussia Dortmund 2-1 Manuel Neuer
96%
2020 Bayern Munich vs Paris Saint-Germain 1-0 Manuel Neuer
96%
2019 Liverpool vs Tottenham Hotspur 2-0 Alisson
94%
2022 Real Madrid vs Liverpool 1-0 Alisson
94%
2026 Paris Saint-Germain vs Arsenal David Raya
94%
2025 Paris Saint-Germain vs Inter 5-0 Gianluigi Donnarumma
94%
1999 Manchester United vs Bayern Munich 2-1 Oliver Kahn
94%
2001 Bayern Munich vs Valencia 1-1 (5-4 pen.) Oliver Kahn
94%
2014 Real Madrid vs Atletico Madrid 4-1 Thibaut Courtois
94%
2022 Real Madrid vs Liverpool 1-0 Thibaut Courtois
94%
2024 Real Madrid vs Borussia Dortmund 2-0 Thibaut Courtois
94%
1995 Ajax vs AC Milan 1-0 Edwin van der Sar
92%
1996 Juventus vs Ajax 1-1 (4-2 pen.) Edwin van der Sar
92%
2008 Manchester United vs Chelsea 1-1 (6-5 pen.) Edwin van der Sar
92%
2009 Barcelona vs Manchester United 2-0 Edwin van der Sar
92%
2011 Barcelona vs Manchester United 3-1 Edwin van der Sar
92%
2019 Liverpool vs Tottenham Hotspur 2-0 Hugo Lloris
90%
2021 Chelsea vs Manchester City 2-1 Ederson
88%
2023 Manchester City vs Inter 1-0 Ederson
88%
2016 Real Madrid vs Atletico Madrid 1-1 (5-3 pen.) Keylor Navas
88%
2017 Real Madrid vs Juventus 4-1 Keylor Navas
88%
2018 Real Madrid vs Liverpool 3-1 Keylor Navas
88%
2020 Bayern Munich vs Paris Saint-Germain 1-0 Keylor Navas
88%
2008 Manchester United vs Chelsea 1-1 (6-5 pen.) Petr Čech
88%
2012 Chelsea vs Bayern Munich 1-1 (4-3 pen.) Petr Čech
88%
2018 Real Madrid vs Liverpool 3-1 Loris Karius
85%
2006 Barcelona vs Arsenal 2-1 Víctor Valdés
85%
2009 Barcelona vs Manchester United 2-0 Víctor Valdés
85%
2011 Barcelona vs Manchester United 3-1 Víctor Valdés
85%
2016 Real Madrid vs Atletico Madrid 1-1 (5-3 pen.) Jan Oblak
83%
2003 AC Milan vs Juventus 0-0 (3-2 pen.) Dida
81%
2005 Liverpool vs AC Milan 3-3 (3-2 pen.) Dida
81%
2007 AC Milan vs Liverpool 2-1 Dida
81%
2015 Barcelona vs Jventus 3-1 Marc-André ter Stegen
81%
2025 Paris Saint-Germain vs Inter 5-0 Yann Sommer
81%
2005 Liverpool vs AC Milan 3-3 (3-2 pen.) Jerzy Dudek
77%
1999 Manchester United vs Bayern Munich 2-1 Peter Schmeichel
75%
2024 Real Madrid vs Borussia Dortmund 2-0 Gregor Kobel
73%
2023 Manchester City vs Inter 1-0 André Onana
69%
2021 Chelsea vs Manchester City 2-1 Édouard Mendy
69%
2006 Barcelona vs Arsenal 2-1 Jens Lehmann
67%
2010 Inter vs Bayern Munich 2-0 Júlio César
67%
2013 Bayern Munich vs Borussia Dortmund 2-1 Roman Weidenfeller
67%
2002 Real Madrid vs Bayer Leverkusen 2-1 César
60%
2026 Paris Saint-Germain vs Arsenal Matvey Safonov
58%
2007 AC Milan vs Liverpool 2-1 Pepe Reina
56%
1993 Marseille vs AC Milan 1-0 Fabien Barthez
48%
2000 Real Madrid vs Valencia 3-0 Santiago Cañizares
46%
2001 Bayern Munich vs Valencia 1-1 (5-4 pen.) Santiago Cañizares
46%
2002 Real Madrid vs Bayer Leverkusen 2-1 Hans-Jörg Butt
33%
2010 Inter vs Bayern Munich 2-0 Hans-Jörg Butt
33%
2004 Porto vs Monaco 3-0 Vítor Baía
23%
1993 Marseille vs AC Milan 1-0 Sebastiano Rossi
21%
1994 AC Milan vs Barcelona 4-0 Sebastiano Rossi
21%
1995 Ajax vs AC Milan 1-0 Sebastiano Rossi
21%
1994 AC Milan vs Barcelona 4-0 Andoni Zubizarreta
19%
1996 Juventus vs Ajax 1-1 (4-2 pen.) Angelo Peruzzi
19%
1997 Borussia Dortmund vs Juventus 3-1 Angelo Peruzzi
19%
1998 Real Madrid vs Juventus 1-0 Angelo Peruzzi
19%
1998 Real Madrid vs Juventus 1-0 Bodo Illgner
17%
1997 Borussia Dortmund vs Juventus 3-1 Stefan Klos
15%
2004 Porto vs Monaco 3-0 Flavio Roma
6%
No matching quizzes found
Score Distribution
Percent of People with Each Score
Percentile by Number Answered
Your Score History
You have not taken this quiz since the last reset